00761nam a2200229Ia 450000500170000000800410001702000110005804000190006904100120008808200160010024500790011626001020019530000120029763000190030965000200032865100210034870000250036985000100039494200070040499900170041195201030042820230601124432.0131103s9999 xx 000 0 und d cRs.500 aLoreto College aEnglish a333.91bSAH aWater security and management of water resourcescedited by Gopi Nath Saha aKolkatabNational Atlas & Thematic Mapping Organisation, Department of Science & Technologyc2004 ax,287p  aWater Security aWater Resources aWater Management aSaha, Gopi Nath, ed. aLCLIB cBK c20421d70900 00102ddc4070aMAINbMAINd2013-11-04l0o333.91 SAH 46825pB22310r2013-11-04w2013-11-04yBKf